000 02357cam a22005054i 4500
003 PE-LiUPU
005 20250731165556.0
008 150625s r 000 0 d
020 _a8437620287
035 _a(Sirsi) i9788437620282
040 _aPE-LiUPU
_bspa
_cPE-LiUPU
_erda
049 _aPRUA
082 0 4 _a070.41
_bS65
_221
100 1 _aSoengas, Xosé,
_eautor.
245 1 0 _aInformativos radiofónicos /
_cXosé Soengas.
264 1 _aMadrid :
_bCátedra,
_c2003.
300 _a248 páginas ;
_c21 centímetros
336 _atext
_2rdacontent
337 _aunmediated
_2rdamedia
338 _avolume
_2rdacarrier
490 0 _aSigno e imagen
504 _aBibliografía: p. 237-241.
505 0 _aLa información radiofónica. Diferencias y similitudes con la prensa y la televisión. -Organigrama de una redacción y estructura de un informativo. -El proceso informativo radiofónico. -La redacción radiofónica. Escribir para la radio. -Diferentes modelos de noticias. -El raccord. -El tratamiento del espacio y del tiempo en los informativos. -La fuentes informativas. -Los canalizadores de las fuentes informativas. -El contexto de la información. -Circunstancias o factores que condicionan la información radiofónica. -La censura y la manipulación. -Factores que determinan la expresividad de la información radiofónica. -Las imágenes auditivas. -Clases de informativos. -La audiencia. -El lenguaje radiofónico en los informativos. -La narrativa radiofónica. -Diseño de informativos para la radio.
526 _aSEG44
526 _aSEG26
526 _aP151
526 _aP150
526 _aP149
526 _aP146
526 _aP145
526 _aP126
526 _aP125
526 _aP92
526 _aP75
526 _aP74
526 _aP27
526 _aP15
541 _g001-022801;
650 0 4 _aRadio
_xProgramas informativos.
942 _2ddc
_cBOOK
949 _a070.41 S65
_wDEWEY
_c1
_i55638
_lCCODEBUL1
_mBUL
_p17.00
_r0
_sY
_tBOOK
_u2015-6-25
_xEDUCACION
_PP07
_0COMPRA
_o.STAFF. Colección General
994 _aC0
_bPEPRU
596 _a1
999 _a070.41 S65
_wDEWEY
_c44500
_i55638
_d44500
_f2021-11-30
_g5
_lCCODEBUL1
_mBUL
_p17.00
_q1
_r0
_sY
_tBOOK
_u2015-6-25
_xEDUCACION
_PP07
_0COMPRA
_o.STAFF. Colección General
980 _81
_gALBERTO SANCHEZ Responsable de Automatización